01256nam a2200265 a 4500001001000000005001700010008004100027041000800068044000800076084002000084100004500104245011500149260004300264300002200307500027400329500006700603500001000670546002400680650005200704650005600756650003400812650004500846700004900891740005000940BRCA_332220190320204225.0240309m18791884enka---###---#000-0#eng-# aeng aenk a616b.P38c18791 aCervantes Saavedra, Miguel ded1547-161610aThe History of the Ingenious Gentleman Don Quixote of La ManchacTranslated from the Spanish by P. A. Motteux. aEdinburgobWilliam Patersonc1879-1884 a4 v.bil.c26 cm. aContenido : v.1. Primera parte. Retrato de Cervantes por Lalauze. Advertencia del editor. Vida de Cervantes por Lockhart. Prólogo del autor. 1879. -- v.2. Primera parte. Notas. 1880. -- v.3. Segunda parte. Prólogo del autor. 1882. -- v.4. Segunda parte. Notas. 1884 aEjemplar por completo igual al anterior [615] Lúdovik Osterc aQM479 aTexto en : inglés14aNovela españolayÉpoca clásica, 1500-170014aLiteratura españolayÉpoca clásica, 1500-170014aNovela españolaySiglo XVII14aDon Quijote (Personaje ficticio)eNovela1 aMotteux, Peter Anthonyd1663-1718eTraductor0 aEl Ingenioso Hidalgo Don Quijote de la Mancha